| 000 | 01057nam a2200229Ia 4500 | ||
|---|---|---|---|
| 003 | Ost | ||
| 005 | 20260507075612.0 | ||
| 008 | 260507s9999||||xx |||||||||||||| ||und|| | ||
| 020 | _a267975679417246 | ||
| 040 | _cfsecg | ||
| 041 | _aara | ||
| 082 | _a330.9566 | ||
| 100 |
_aالقاسمي، جاسم بن محمد _eمؤلف |
||
| 245 | 0 |
_aآفاق التنمية و التكامل الاقتصادي بين دول شبه الجزيرة العربية / _c جاسم بن محمد القاسمي |
|
| 260 |
_aعمان: _bمؤسسة شباب الجامعة, _c1999 |
||
| 300 |
_a235 صفحة؛ _c24 سم |
||
| 520 | _aالتنمية الاقتصادية- التكامل الاقتصادي؛السياسة الاقتصادية- البلاد العربية، شبه الجزيرة العربية | ||
| 653 | _aالبلاد العربية - سياسة اقتصادية | ||
| 653 | _aشبه الجزيرة العربية - تكامل اقتصادي | ||
| 653 | _aشبه الجزيرة العربية - سياسة اقتصادية | ||
| 942 | _cكتاب | ||
| 999 |
_c45078 _d45078 |
||